عرض عادي
عرض مارك
- Jacko, Jan F.
دخول Personal Name
001 - CONTROL NUMBER
- control field: 10405
003 - CONTROL NUMBER IDENTIFIER
- control field: AE-AdECS
005 - DATE AND TIME OF LATEST TRANSACTION
- control field: 20250109110538.0
008 - FIXED-LENGTH DATA ELEMENTS
- fixed length control field: 250109|| aca||aabn | a|a d
040 ## - CATALOGING SOURCE
- Original cataloging agency: AE-AdECS
- Transcribing agency: AE-AdECS
100 ## - HEADING--PERSONAL NAME
- Personal name: Jacko, Jan F.
670 ## - SOURCE DATA FOUND
- Source citation: Work cat.: (AE-AdECS)288753: Jacko, Jan F., author., Morality management and situation ethics :
